000 00857nam a22002657a 4500
001 BR7101176
003 BR-BrBNA
005 20230928083736.0
007 ta
008 230509b bl.||||| |||| 00| 0 por d
040 _aBR-BrBNA
_bpor
_cBiblioteca Nacional de Agricultura
041 _a(Por)
072 _aD50; E50; E11
_b/G514
090 _ D50 BR7101176
110 1 _aInstituto Nacional de Colonizacao e Reforma Agraria, Brasilia, DF (Brasil)
245 1 _aRegimento interno aprovado pela portaria n. 99 de 22 de abril de 1971 do Ministerio da Agricultura [colonizacao reforma agraria, administracao, Brasil]
260 3 _aBrasilia, DF (Brasil):
_c1971.
300 _a108 p.
650 _aCOLONIZACAO
650 _aREFORMA AGRARIA
650 _aLEGISLACAO
650 _aADMINISTRACAO
909 _a202309
_bLucia
_c55
_dLucia Elande
942 _cBK
999 _c15021
_d15021